000 00312nam a2200133Ia 4500
008 191201s2017 xx 000 0 und d
020 _a9789350239193
100 _aMEDNIEKS, Zigurd
245 0 _aProgramming Android
260 _aN. Delhi
_bShroff Pub
_c2017
300 _a542
650 _aMCA
942 _2ddc
_cBK
999 _c6709
_d6709